书目信息 |
| 题名: |
GDP的理论缺陷与可持续国民财富核算
|
|
| 作者: | 杨充霖 著 | |
| 分册: | ||
| 出版信息: | 北京 社会科学文献出版社 2014.12 |
|
| 页数: | 333页 | |
| 开本: | 24cm | |
| 丛书名: | ||
| 单 册: | ||
| 中图分类: | F222.33 | |
| 科图分类: | ||
| 主题词: | 国内生产总值--研究 , 研究 | |
| 电子资源: | ||
| ISBN: | 978-7-5097-6858-7 | |
| 000 | 01066nam0 22002771 450 | |
| 001 | 351992 | |
| 005 | 20161017104040.21 | |
| 010 | @a978-7-5097-6858-7@dCNY89.00 | |
| 100 | @a20160406d2014 ekmy0chiy50 ea | |
| 101 | 0 | @achi |
| 102 | @aCN@b110000 | |
| 105 | @aak a 000yy | |
| 106 | @ar | |
| 200 | 1 | @aGDP的理论缺陷与可持续国民财富核算@dTheoretic flaws in GDP and sustainable national wealth accounting@f杨充霖著@zeng |
| 210 | @a北京@c社会科学文献出版社@d2014.12 | |
| 215 | @a333页@c图@d24cm | |
| 320 | @a有书目 (第307-331页)。 | |
| 330 | @a本书主要内容为:社会福利的定义与度量是经济学无法回避而又十分困难的重大问题,而这又与GDP的再定义息息相关。本书提出了现行GDP核算系统的理论缺陷,并在此基础上,阐释了一种可持续的国民财富核算体系。 | |
| 333 | @a本书适合国内生产总值相关研究人员参考阅读。 | |
| 510 | 1 | @aTheoretic flaws in GDP and sustainable national wealth accounting@zeng |
| 606 | 0 | @a国内生产总值@x研究 |
| 606 | 0 | @a研究 |
| 690 | @aF222.33@v5 | |
| 701 | 0 | @a杨充霖@4著 |
| 801 | 0 | @aCN@bTANGWEI@c20161010 |
| 905 | @b0897554-7@dF222.33@e514@f4 | |
| GDP的理论缺陷与可持续国民财富核算=Theoretic flaws in GDP and sustainable national wealth accounting/杨充霖著.-北京:社会科学文献出版社,2014.12 |
| 333页:图;24cm |
| 使用对象:本书适合国内生产总值相关研究人员参考阅读。 |
| ISBN 978-7-5097-6858-7:CNY89.00 |
| 本书主要内容为:社会福利的定义与度量是经济学无法回避而又十分困难的重大问题,而这又与GDP的再定义息息相关。本书提出了现行GDP核算系统的理论缺陷,并在此基础上,阐释了一种可持续的国民财富核算体系。 |
| ● |
| 相关链接 |
|
|
|
|
正题名:GDP的理论缺陷与可持续国民财富核算
索取号:F222.33/514
 
预约/预借
| 序号 | 登录号 | 条形码 | 馆藏地/架位号 | 状态 | 备注 |
| 1 | 0897554 | 208975545 | 第一样本阅览室/ [索取号:F222.33/514] | 在馆 | |
| 2 | 0897555 | 208975554 | 密集书库-海洋学院/ [索取号:F222.33/514] | 在馆 | |
| 3 | 0897556 | 208975563 | 第一借阅区/ [索取号:F222.33/514] | 在馆 | |
| 4 | 0897557 | 208975572 | 第一借阅区/ [索取号:F222.33/514] | 在馆 |